[Event "Mazowiec-chT 1617"]
[Site "Warsaw"]
[Date "2017.01.08"]
[Round "3.2"]
[White "Rodak, Przemyslaw"]
[Black "Kowalski, Igor"]
[Result "1/2-1/2"]
[WhiteElo "1792"]
[BlackElo "2129"]
[PlyCount "103"]
[EventDate "2016.12.11"]
[EventType "team-tourn"]
[EventRounds "10"]
[EventCountry "POL"]
[SourceTitle "EXT 2019"]
[Source "ChessBase"]
[SourceDate "2018.10.10"]
[SourceVersion "1"]
[SourceVersionDate "2018.10.10"]
[SourceQuality "1"]

1. d4 Nf6 2. Bf4 e6 3. Nf3 c5 4. c3 Qb6 5. Qb3 Nc6 6. e3 Be7 7. Be2 0-0 8. h3 d5 9. 0-0 Ne4 10. Re1 Bd7 11. Nbd2 f5 12. Rad1 g5 13. Bh2 g4 14. Ne5 g3 15. Bxg3 Nxg3 16. Nxd7 Nxe2+ 17. Rxe2 Qa6 18. Nxf8 Qxe2 19. Nxe6 Na5 20. Nf4 Nxb3 21. Nxe2 Nxd2 22. Rxd2 c4 23. Nf4 Rd8 24. Re2 Kf7 25. f3 Bg5 26. Kf2 b5 27. g3 a5 28. e4 dxe4 29. fxe4 fxe4 30. Rxe4 Bf6 31. Nh5 Bh8 32. g4 b4 33. Ng3 a4 34. Re2 a3 35. Nf5 axb2 36. Rxb2 bxc3 37. Rc2 Bxd4+ 38. Nxd4 Rxd4 39. a4 Rd3 40. h4 Ke6 41. a5 Kd7 42. a6 Kc7 43. g5 Kb6 44. h5 Rh3 45. g6 Rxh5 46. g7 Rg5 47. a7 Kxa7 48. Rxc3 Rxg7 49. Rxc4 Kb6 50. Kf3 Kb5 51. Rc1 Rg8 52. Kf4 1/2-1/2

[Event "Mazowiec-chT 1516"]
[Site "Poland"]
[Date "2016.01.10"]
[Round "2.16"]
[White "Sanz Losada, Victoriano"]
[Black "Rodak, Przemyslaw"]
[Result "1-0"]
[WhiteElo "2072"]
[BlackElo "1793"]
[PlyCount "49"]
[EventDate "2015.12.13"]
[EventType "team-tourn"]
[EventRounds "7"]
[EventCountry "POL"]
[SourceTitle "EXT 2019"]
[Source "ChessBase"]
[SourceDate "2018.10.10"]
[SourceVersion "1"]
[SourceVersionDate "2018.10.10"]
[SourceQuality "1"]
[WhiteTeam "Chylice Laura"]
[BlackTeam "Warszawa Entropia"]
[WhiteTeamCountry "POL"]
[BlackTeamCountry "POL"]

1. d4 d5 2. c4 c6 3. Nf3 Nf6 4. e3 e6 5. Nc3 Bd6 6. Bd3 0-0 7. 0-0 Nbd7 8. e4 dxe4 9. Nxe4 Nxe4 10. Bxe4 h6 11. b3 Nf6 12. Bc2 b6 13. Bb2 Bb7 14. Qe2 Qc7 15. Rad1 Rad8 16. Ne5 Rfe8 17. f4 c5 18. Ng4 Be7 19. d5 Nxg4 20. Qxg4 Bf8 21. f5 exf5 22. Qxf5 f6 23. Qh7+ Kf7 24. Rxf6+ Ke7 25. Re1+ 1-0

[Event "Mazowiec-chT 1516"]
[Site "Poland"]
[Date "2015.12.13"]
[Round "1.12"]
[White "Rodak, Przemyslaw"]
[Black "Kowalec, Maciej"]
[Result "0-1"]
[WhiteElo "1793"]
[BlackElo "2059"]
[PlyCount "82"]
[EventDate "2015.12.13"]
[EventType "team-tourn"]
[EventRounds "7"]
[EventCountry "POL"]
[SourceTitle "EXT 2019"]
[Source "ChessBase"]
[SourceDate "2018.10.10"]
[SourceVersion "1"]
[SourceVersionDate "2018.10.10"]
[SourceQuality "1"]
[WhiteTeam "Warszawa Entropia"]
[BlackTeam "Minsk Mazowiecki MTSz"]
[WhiteTeamCountry "POL"]
[BlackTeamCountry "POL"]

1. d4 c5 2. d5 e5 3. c4 d6 4. e4 Be7 5. Nc3 Bg5 6. Bxg5 Qxg5 7. Nb5 Qd8 8. Qa4 Kf8 9. Nf3 Na6 10. a3 f5 11. exf5 Bxf5 12. g3 Qf6 13. Bg2 Ne7 14. 0-0 Kf7 15. Rfe1 Rhf8 16. Qb3 Kg8 17. Nc3 Rab8 18. Ne4 Bxe4 19. Rxe4 Nf5 20. Rf1 Nc7 21. Qd3 b5 22. b3 bxc4 23. bxc4 Rb6 24. Rb1 Nd4 25. Rxb6 axb6 26. Re3 b5 27. cxb5 Ncxb5 28. Qd2 Qh6 29. Nxd4 exd4 30. Rd3 Qxd2 31. Rxd2 Nxa3 32. Ra2 Nb5 33. Kf1 Nc3 34. Rb2 Nd1 35. Rb6 Ne3+ 36. Kg1 Nxg2 37. Kxg2 d3 38. Kf1 Re8 39. Rb2 c4 40. Rd2 Re5 41. f4 Rxd5 0-1

[Event "Warsaw YMCA Autumn-B 160th"]
[Site "Warsaw"]
[Date "2015.10.13"]
[Round "2"]
[White "Rusin, Ryszard"]
[Black "Rodak, Przemyslaw"]
[Result "0-1"]
[WhiteElo "1771"]
[BlackElo "1793"]
[PlyCount "52"]
[EventDate "2015.09.24"]
[EventType "tourn"]
[EventRounds "13"]
[EventCountry "POL"]
[SourceTitle "EXT 2019"]
[Source "ChessBase"]
[SourceDate "2018.10.10"]
[SourceVersion "1"]
[SourceVersionDate "2018.10.10"]
[SourceQuality "1"]

1. d4 d5 2. Nf3 Nf6 3. e3 Bg4 4. Be2 e6 5. Nbd2 c5 6. dxc5 Bxc5 7. Nd4 Bxe2 8. Qxe2 0-0 9. 0-0 Nc6 10. N2f3 Rc8 11. Rd1 Qb6 12. a3 Ne4 13. Nxc6 Rxc6 14. Nd4 Rc7 15. f3 Nf6 16. b4 Bxd4 17. exd4 Rfc8 18. Ra2 Rc4 19. Be3 Ne8 20. Bf2 Nd6 21. g4 Nb5 22. Be1 Nxd4 23. Rxd4 Qxd4+ 24. Bf2 Qf4 25. Bxa7 Qc1+ 26. Kg2 Rxc2 0-1

[Event "Mazowiec-chT 1415"]
[Site "Warsaw"]
[Date "2015.03.01"]
[Round "6.14"]
[White "Bartczak, Hanna"]
[Black "Rodak, Przemyslaw"]
[Result "0-1"]
[WhiteElo "1615"]
[BlackElo "1730"]
[PlyCount "42"]
[EventDate "2015.01.11"]
[EventType "team-tourn"]
[EventRounds "7"]
[EventCountry "POL"]
[SourceTitle "EXT 2019"]
[Source "ChessBase"]
[SourceDate "2018.10.10"]
[SourceVersion "1"]
[SourceVersionDate "2018.10.10"]
[SourceQuality "1"]

1. d4 d5 2. c4 c6 3. cxd5 cxd5 4. Nc3 Nf6 5. Nf3 Nc6 6. h3 Bf5 7. Nh4 Bg6 8. Nxg6 hxg6 9. Bf4 e6 10. e3 a6 11. a3 Bd6 12. Bxd6 Qxd6 13. b4 b5 14. Bd3 g5 15. Kd2 e5 16. dxe5 Nxe5 17. Bf5 Nc4+ 18. Kc2 Qe5 19. Bg4 Ne4 20. Nxe4 Qb2+ 21. Kd3 Ne5# 0-1

[Event "Warsaw YMCA Autumn-C 145th"]
[Site "Warsaw"]
[Date "2014.11.26"]
[Round "11"]
[White "Rodak, Przemyslaw"]
[Black "Kasperski, Marcin"]
[Result "1-0"]
[WhiteElo "1664"]
[BlackElo "1711"]
[PlyCount "221"]
[EventDate "2014.09.16"]
[EventType "tourn"]
[EventRounds "13"]
[EventCountry "POL"]
[SourceTitle "EXT 2019"]
[Source "ChessBase"]
[SourceDate "2018.10.10"]
[SourceVersion "1"]
[SourceVersionDate "2018.10.10"]
[SourceQuality "1"]

1. d4 Nf6 2. c4 g6 3. Nc3 d5 4. cxd5 Nxd5 5. e4 Nxc3 6. bxc3 Bg7 7. Bc4 c5 8. Ne2 Nc6 9. Be3 0-0 10. 0-0 Bg4 11. f3 Bd7 12. Rb1 Qc7 13. dxc5 Rad8 14. Qc2 Bc8 15. Rfd1 Ne5 16. Bb3 Nd7 17. c6 bxc6 18. Ba4 Nb6 19. Bb3 c5 20. a3 Ba6 21. c4 Bc8 22. Nc3 a6 23. Nd5 Nxd5 24. cxd5 Be5 25. g3 Bd6 26. Rbc1 Bh3 27. Ba4 Bxg3 28. Bh6 Bf4 29. Bxf8 Rxf8 30. Rb1 c4 31. Qf2 Qa5 32. Rb4 Bd6 33. Rxc4 Bxa3 34. Kh1 Bd6 35. Rb1 Kg7 36. Qd4+ f6 37. Qf2 Rc8 38. Rxc8 Bxc8 39. Bc6 Qc3 40. h4 h5 41. Be8 f5 42. Qb2 Qxb2 43. Rxb2 fxe4 44. fxe4 a5 45. Kg2 Bg4 46. Rf2 Kh6 47. Ra2 Bb4 48. Rc2 Kg7 49. Rc6 Be1 50. Rxg6+ Kf8 51. Ba4 Bxh4 52. Ra6 Be1 53. Ra8+ Kf7 54. Ra6 Bb4 55. Bc2 Be2 56. Rh6 Bd6 57. Rh8 Kf6 58. Ra8 Bb4 59. Kf2 Bg4 60. Ra6+ Ke5 61. Rc6 Kf4 62. Rc4 Bd7 63. Rc7 Be8 64. Rc4 Bb5 65. Rc8 Bd7 66. Rf8+ Ke5 67. Ke3 Bc5+ 68. Kd3 a4 69. Rh8 a3 70. Rxh5+ Kf4 71. Rh4+ Kg5 72. Rh1 Bb5+ 73. Kc3 Kf4 74. Bb1 Ke5 75. Rh5+ Kd6 76. Ba2 Kc7 77. Rh6 Kd7 78. Bb1 Be3 79. Rg6 Bc5 80. e5 Kc7 81. Rg7 Kd8 82. Rg8+ Kc7 83. Bf5 Kb7 84. Bb1 Kc7 85. Kb3 Ba6 86. Ba2 Bd4 87. Rg5 Be3 88. Rg7 Bc5 89. Rg6 Bb5 90. Rg7 Kd8 91. Bb1 Bd4 92. Rg5 Bb2 93. Ba2 Bd3 94. Kb4 Kd7 95. Kc5 Bc2 96. Rh5 Bd3 97. Kb4 Be4 98. Kc4 Bc2 99. Rh2 Bf5 100. Rh5 Bc2 101. Kc5 Bd3 102. e6+ Kd8 103. Kc6 Bc2 104. Rg5 Ba4+ 105. Kb7 Bb5 106. Rg8+ Be8 107. Bc4 a2 108. Bxa2 Be5 109. Bc4 Bb8 110. Bb5 Bd6 111. Rxe8# 1-0

[Event "Warsaw YMCA Autumn-C 145th"]
[Site "Warsaw"]
[Date "2014.11.05"]
[Round "8"]
[White "Wrabel, Antoni"]
[Black "Rodak, Przemyslaw"]
[Result "1-0"]
[WhiteElo "1683"]
[BlackElo "1664"]
[PlyCount "99"]
[EventDate "2014.09.16"]
[EventType "tourn"]
[EventRounds "13"]
[EventCountry "POL"]
[SourceTitle "EXT 2019"]
[Source "ChessBase"]
[SourceDate "2018.10.10"]
[SourceVersion "1"]
[SourceVersionDate "2018.10.10"]
[SourceQuality "1"]

1. e4 e6 2. d4 d5 3. Nc3 Bb4 4. e5 c5 5. a3 cxd4 6. axb4 dxc3 7. bxc3 Qc7 8. Qd4 Nc6 9. Bb5 Nge7 10. Nf3 Bd7 11. Bxc6 Bxc6 12. Rxa7 Rxa7 13. Qxa7 0-0 14. Be3 Bb5 15. Qc5 Qd7 16. Nd4 Bc4 17. Bg5 Ng6 18. Nf3 Ra8 19. Kd2 h6 20. Be3 Ra2 21. Rc1 Kh7 22. h4 Qd8 23. Qd4 Qa8 24. h5 Ne7 25. g4 Ra1 26. Rxa1 Qxa1 27. Ne1 Qa8 28. Qf4 Qe8 29. Nf3 Bf1 30. Nd4 Bc4 31. g5 hxg5 32. Qxg5 Ng8 33. Qh4 Qf8 34. Nf3 Bb5 35. Ng5+ Kh8 36. Qf4 Nh6 37. Nxe6 Qc8 38. Nxg7 Kxg7 39. Qf6+ Kh7 40. Qxh6+ Kg8 41. Qg5+ Kh7 42. h6 Qf8 43. Qf6 Bd7 44. Bg5 Be6 45. f4 Bg4 46. f5 d4 47. e6 dxc3+ 48. Kxc3 Bh5 49. e7 Qc8+ 50. Kb2 1-0

[Event "Warsaw YMCA Autumn-C 145th"]
[Site "Warsaw"]
[Date "2014.10.16"]
[Round "4"]
[White "Sobotka, Jan"]
[Black "Rodak, Przemyslaw"]
[Result "0-1"]
[WhiteElo "1640"]
[BlackElo "1664"]
[PlyCount "132"]
[EventDate "2014.09.16"]
[EventType "tourn"]
[EventRounds "13"]
[EventCountry "POL"]
[SourceTitle "EXT 2019"]
[Source "ChessBase"]
[SourceDate "2018.10.10"]
[SourceVersion "1"]
[SourceVersionDate "2018.10.10"]
[SourceQuality "1"]

1. d4 d5 2. c4 c6 3. Nf3 Nf6 4. Nc3 e6 5. Bg5 h6 6. Bh4 Bd6 7. e3 Nbd7 8. Bd3 0-0 9. 0-0 Re8 10. e4 dxe4 11. Nxe4 Be7 12. Re1 Nxe4 13. Bxe7 Qxe7 14. Bxe4 Qb4 15. Qc2 Nf6 16. Bd3 b6 17. a3 Qd6 18. Rad1 Bb7 19. Ne5 c5 20. dxc5 Qxc5 21. b4 Qc7 22. Nxf7 Kxf7 23. Bg6+ Kg8 24. Bxe8 Rxe8 25. Re3 Qf4 26. Rde1 Qh4 27. h3 Qg5 28. Rg3 Qh5 29. c5 bxc5 30. bxc5 Bd5 31. c6 Rc8 32. c7 Ne8 33. Qb2 Rxc7 34. Qb8 Qf7 35. Rb1 Rc2 36. f3 Ra2 37. Rc1 Kf8 38. Rc8 Rxa3 39. Rg4 Ra1+ 40. Kh2 g5 41. f4 Ra4 42. Rg3 Rc4 43. fxg5 Rxc8 44. Qxc8 hxg5 45. Rxg5 Qc7+ 46. Qxc7 Nxc7 47. Kg3 a5 48. Kf4 a4 49. Rg3 Nb5 50. Rd3 a3 51. h4 a2 52. Rd1 Na3 53. Ra1 Nc2 54. Rxa2 Bxa2 55. Ke5 Kg7 56. g4 Ne3 57. g5 Kg6 58. Kf4 Nf5 59. Kg4 Ng7 60. Kf4 Kh5 61. Ke5 Kxh4 62. Kf6 Nh5+ 63. Kg6 Bb1+ 64. Kh6 e5 65. g6 e4 66. g7 Nxg7 0-1

[Event "Warsaw YMCA Autumn-C 145th"]
[Site "Warsaw"]
[Date "2014.09.24"]
[Round "2"]
[White "Krzyzanowski, Antoni"]
[Black "Rodak, Przemyslaw"]
[Result "0-1"]
[WhiteElo "1675"]
[BlackElo "1664"]
[PlyCount "58"]
[EventDate "2014.09.16"]
[EventType "tourn"]
[EventRounds "13"]
[EventCountry "POL"]
[SourceTitle "EXT 2019"]
[Source "ChessBase"]
[SourceDate "2018.10.10"]
[SourceVersion "1"]
[SourceVersionDate "2018.10.10"]
[SourceQuality "1"]

1. d4 d5 2. c4 c6 3. Nf3 Nf6 4. Nc3 e6 5. g3 Bd6 6. Bg2 Nbd7 7. 0-0 0-0 8. Qc2 a6 9. Bg5 h6 10. Bh4 g5 11. Bxg5 hxg5 12. Nxg5 Kg7 13. f4 Rh8 14. e4 dxe4 15. Bxe4 Nxe4 16. Ncxe4 Nf6 17. Rad1 Be7 18. Nxf7 Kxf7 19. d5 cxd5 20. cxd5 Qb6+ 21. Kg2 Nxd5 22. Ng5+ Bxg5 23. fxg5+ Ke7 24. Qg6 Ne3+ 25. Kf3 Rf8+ 26. Ke4 Nxf1 27. Qg7+ Rf7 28. Qc3 Qc6+ 29. Qxc6 bxc6 0-1

[Event "Warsaw YMCA Autumn-C 129th"]
[Site "Warsaw"]
[Date "2013.12.04"]
[Round "12"]
[White "Pajak, Jakub Lech"]
[Black "Rodak, Przemyslaw"]
[Result "1-0"]
[WhiteElo "1722"]
[BlackElo "1661"]
[PlyCount "89"]
[EventDate "2013.09.16"]
[EventType "tourn"]
[EventRounds "13"]
[EventCountry "POL"]
[SourceTitle "EXT 2015"]
[Source "ChessBase"]
[SourceDate "2014.11.20"]
[SourceVersion "1"]
[SourceVersionDate "2014.11.20"]
[SourceQuality "1"]

1. e4 e6 2. d4 d5 3. Nc3 Nf6 4. Bg5 dxe4 5. Nxe4 Be7 6. Nxf6+ Bxf6 7. Bxf6 Qxf6 8. c3 0-0 9. Qf3 Qxf3 10. Nxf3 b6 11. Nd2 Bb7 12. f3 Nd7 13. Bd3 c5 14. Bb5 Rfd8 15. Bxd7 Rxd7 16. dxc5 bxc5 17. 0-0-0 Rad8 18. Nb3 Rxd1+ 19. Rxd1 Rxd1+ 20. Kxd1 c4 21. Nc5 Bc6 22. Kd2 Kf8 23. Ke3 e5 24. g3 Ke7 25. f4 exf4+ 26. Kxf4 Kd6 27. Ne4+ Bxe4 28. Kxe4 Kc5 29. Ke5 a6 30. g4 a5 31. g5 a4 32. h4 Kc6 33. Kd4 Kb5 34. Kd5 h5 35. gxh6 gxh6 36. h5 f5 37. Ke5 a3 38. bxa3 Ka4 39. Kxf5 Kxa3 40. Ke5 Kxa2 41. Kd5 Kb3 42. Kd4 Ka4 43. Kxc4 Ka5 44. Kd5 Kb6 45. Ke6 1-0

[Event "Warsaw YMCA Autumn-C 129th"]
[Site "Warsaw"]
[Date "2013.11.27"]
[Round "11"]
[White "Rodak, Przemyslaw"]
[Black "Kacprzak, Karol"]
[Result "1/2-1/2"]
[WhiteElo "1661"]
[BlackElo "1785"]
[PlyCount "55"]
[EventDate "2013.09.16"]
[EventType "tourn"]
[EventRounds "13"]
[EventCountry "POL"]
[SourceTitle "EXT 2015"]
[Source "ChessBase"]
[SourceDate "2014.11.20"]
[SourceVersion "1"]
[SourceVersionDate "2014.11.20"]
[SourceQuality "1"]

1. d4 d5 2. c4 e6 3. Nf3 Nf6 4. Nc3 c6 5. e3 Be7 6. Bd3 0-0 7. 0-0 dxc4 8. Bxc4 b5 9. Bd3 Nbd7 10. e4 h6 11. e5 Nd5 12. Nxd5 exd5 13. h3 a6 14. Be3 c5 15. dxc5 Nxc5 16. Bc2 Ne4 17. Qd3 Bf5 18. Nd4 Bh7 19. Nc6 Qd7 20. Nxe7+ Qxe7 21. Qxd5 Rfd8 22. Qb3 Qxe5 23. Rfe1 Qf6 24. Rad1 Ng5 25. Bxh7+ Nxh7 26. Rc1 Rac8 27. Red1 Rxd1+ 28. Rxd1 1/2-1/2

[Event "Warsaw YMCA Autumn-C 129th"]
[Site "Warsaw"]
[Date "2013.11.20"]
[Round "10"]
[White "Jarmolowski, Tadeusz"]
[Black "Rodak, Przemyslaw"]
[Result "0-1"]
[WhiteElo "1695"]
[BlackElo "1661"]
[PlyCount "68"]
[EventDate "2013.09.16"]
[EventType "tourn"]
[EventRounds "13"]
[EventCountry "POL"]
[SourceTitle "EXT 2015"]
[Source "ChessBase"]
[SourceDate "2014.11.20"]
[SourceVersion "1"]
[SourceVersionDate "2014.11.20"]
[SourceQuality "1"]

1. e4 Nf6 2. e5 Nd5 3. c4 Nb6 4. d4 d6 5. f4 Bf5 6. Nc3 Nc6 7. Be3 g6 8. h3 Bh6 9. g4 Bd7 10. g5 Bg7 11. Nf3 a6 12. d5 Na7 13. Qd2 c6 14. 0-0-0 cxd5 15. cxd5 Nb5 16. Kb1 Nxc3+ 17. Qxc3 Bf5+ 18. Ka1 Nxd5 19. Rxd5 Be4 20. Rd2 Bxf3 21. Bg2 Bxg2 22. Rxg2 dxe5 23. Rd2 Qc8 24. Qb3 0-0 25. fxe5 Bxe5 26. Bb6 Bf4 27. Rg2 Qc6 28. Rhg1 Rac8 29. a3 Qc4 30. Qf3 Rc6 31. Ba5 Be5 32. Rg4 Qb5 33. Bc3 Bxc3 34. bxc3 Qb3 0-1

[Event "Warsaw YMCA Autumn-C 129th"]
[Site "Warsaw"]
[Date "2013.11.13"]
[Round "9"]
[White "Rodak, Przemyslaw"]
[Black "Chylewski, Patryk"]
[Result "0-1"]
[WhiteElo "1661"]
[BlackElo "1704"]
[PlyCount "146"]
[EventDate "2013.09.16"]
[EventType "tourn"]
[EventRounds "13"]
[EventCountry "POL"]
[SourceTitle "EXT 2015"]
[Source "ChessBase"]
[SourceDate "2014.11.20"]
[SourceVersion "1"]
[SourceVersionDate "2014.11.20"]
[SourceQuality "1"]

1. d4 Nf6 2. c4 e6 3. Nc3 Bb4 4. Nf3 0-0 5. e3 c5 6. Bd3 d5 7. a3 Bxc3+ 8. bxc3 dxc4 9. Bxc4 Qc7 10. Be2 b6 11. 0-0 Nbd7 12. Qb3 Bb7 13. a4 Rfe8 14. h3 e5 15. dxe5 Nxe5 16. Nxe5 Qxe5 17. Rd1 Ne4 18. Rd7 Nd6 19. Bc4 Rf8 20. f4 Qe4 21. Bf1 Rad8 22. Rxd8 Rxd8 23. Qd1 Qe7 24. Qe1 Ne4 25. a5 Qf6 26. axb6 axb6 27. Ra3 Qg6 28. Ra7 Bc6 29. Ra6 Bb7 30. Ra7 Rd7 31. Ba6 Bc6 32. Rxd7 Bxd7 33. Qd1 Qc6 34. c4 Qc7 35. Qd3 Bc6 36. Bb2 h6 37. Be5 Qe7 38. Bb5 Qb7 39. Qd8+ Kh7 40. Bxc6 Qxc6 41. Qd3 f6 42. Bb2 Qe6 43. Ba1 Kh8 44. Qd8+ Kh7 45. Qd3 h5 46. Qd1 Kh6 47. Qd3 Nd6 48. Bc3 Nxc4 49. e4 b5 50. f5 Qc6 51. Bd2+ Nxd2 52. Qxd2+ Kh7 53. Qe2 Qe8 54. g4 hxg4 55. hxg4 c4 56. Qg2 Qe7 57. Qh2+ Kg8 58. Qb8+ Kh7 59. Qh2+ Kg8 60. Qb8+ Kf7 61. Qxb5 Qxe4 62. Qd7+ Kg8 63. Qd1 c3 64. Kf2 c2 65. Qc1 Qd3 66. Ke1 Kh7 67. g5 Qg3+ 68. Ke2 Qxg5 69. Qxc2 Qg2+ 70. Kd3 Qxc2+ 71. Kxc2 Kh6 72. Kd3 Kg5 73. Ke4 Kg4 0-1

[Event "Mazowiec-chT op 2013"]
[Site "Poland"]
[Date "2013.10.27"]
[Round "6.12"]
[White "Moscicka, Pola"]
[Black "Rodak, Przemyslaw"]
[Result "0-1"]
[WhiteElo "1533"]
[BlackElo "1661"]
[PlyCount "82"]
[EventDate "2013.09.29"]
[EventType "team-swiss"]
[EventRounds "10"]
[EventCountry "POL"]
[SourceTitle "EXT 2019"]
[Source "ChessBase"]
[SourceDate "2018.10.10"]
[SourceVersion "1"]
[SourceVersionDate "2018.10.10"]
[SourceQuality "1"]

1. e4 e6 2. d4 d5 3. Nc3 Bb4 4. e5 c5 5. Be3 Qa5 6. Qd2 cxd4 7. Bxd4 Nc6 8. Nf3 Bd7 9. Be2 Nxd4 10. Qxd4 Rc8 11. 0-0 Bxc3 12. bxc3 Rxc3 13. Bd3 Ne7 14. Rab1 b6 15. Nd2 Rc7 16. Nb3 Qa3 17. Qg4 0-0 18. f4 f5 19. Qg5 h6 20. Qh5 Be8 21. Qh3 Ng6 22. Kh1 Qb4 23. Qg3 Kh7 24. h4 Nh8 25. Rfd1 Bh5 26. Re1 Ng6 27. Rf1 Qe7 28. Nd4 Re8 29. Bb5 Rec8 30. Bd3 Kg8 31. Nxf5 exf5 32. Bxf5 Rc3 33. Rf3 Rxf3 34. gxf3 Rc6 35. Bxg6 Rxg6 36. Qh3 Bxf3+ 37. Kh2 Rg2+ 38. Qxg2 Bxg2 39. Kxg2 Qxh4 40. Kf3 Qh3+ 41. Ke2 Qh2+ 0-1

[Event "Warsaw YMCA Autumn-C 129th"]
[Site "Warsaw"]
[Date "2013.10.16"]
[Round "5"]
[White "Rodak, Przemyslaw"]
[Black "Szukalski, Antoni"]
[Result "1/2-1/2"]
[WhiteElo "1661"]
[BlackElo "1796"]
[PlyCount "71"]
[EventDate "2013.09.16"]
[EventType "tourn"]
[EventRounds "13"]
[EventCountry "POL"]
[SourceTitle "EXT 2015"]
[Source "ChessBase"]
[SourceDate "2014.11.20"]
[SourceVersion "1"]
[SourceVersionDate "2014.11.20"]
[SourceQuality "1"]

1. d4 d5 2. c4 c6 3. Nc3 Nf6 4. Nf3 e6 5. Bg5 Be7 6. e3 0-0 7. Bd3 Nbd7 8. cxd5 exd5 9. 0-0 Re8 10. Re1 Nf8 11. h3 Ne4 12. Bxe7 Qxe7 13. Ne5 f6 14. Ng4 f5 15. Ne5 Nd7 16. f4 Ndf6 17. Nxe4 Nxe4 18. Qh5 Be6 19. Bxe4 dxe4 20. a3 Red8 21. Rac1 Rd5 22. Qe2 c5 23. dxc5 Rxc5 24. b4 Rd5 25. Red1 Rad8 26. Rxd5 Rxd5 27. Rd1 Qd6 28. Rxd5 Qxd5 29. Qc2 g5 30. g3 Qd6 31. Kf2 a5 32. bxa5 Qxa3 33. Qd2 Qe7 34. Kg2 Qc7 35. Kf2 Kg7 36. Kg2 1/2-1/2

[Event "Warsaw YMCA Autumn-C 129th"]
[Site "Warsaw"]
[Date "2013.09.18"]
[Round "1"]
[White "Maj, Pawel"]
[Black "Rodak, Przemyslaw"]
[Result "1-0"]
[WhiteElo "1732"]
[BlackElo "1661"]
[PlyCount "55"]
[EventDate "2013.09.16"]
[EventType "tourn"]
[EventRounds "13"]
[EventCountry "POL"]
[SourceTitle "EXT 2015"]
[Source "ChessBase"]
[SourceDate "2014.11.20"]
[SourceVersion "1"]
[SourceVersionDate "2014.11.20"]
[SourceQuality "1"]

1. e4 e6 2. d4 d5 3. Nc3 Nf6 4. Bg5 dxe4 5. Nxe4 Be7 6. Bxf6 Bxf6 7. Nf3 Nc6 8. c3 0-0 9. Bd3 h6 10. Qd2 b6 11. 0-0-0 Bb7 12. Qf4 Be7 13. Rhe1 a5 14. Kb1 Ba6 15. Bc2 Bb7 16. Ne5 Na7 17. Qe3 Nc8 18. g4 Bf6 19. Nxf6+ Qxf6 20. Nd7 Qh4 21. Nxf8 Kxf8 22. d5 Qxg4 23. dxe6 fxe6 24. Rd4 Qg5 25. Rf4+ Ke8 26. Qxe6+ Ne7 27. Bg6+ Kd8 28. Rf8# 1-0

[Event "Warsaw YMCA Spring 121st"]
[Site "Warsaw"]
[Date "2013.05.31"]
[Round "12"]
[White "Rodak, Przemyslaw"]
[Black "Skwarek, Hubert"]
[Result "1-0"]
[WhiteElo "1667"]
[BlackElo "1644"]
[PlyCount "63"]
[EventDate "2013.04.10"]
[EventType "tourn"]
[EventRounds "11"]
[EventCountry "POL"]
[SourceTitle "EXT 2014"]
[Source "ChessBase"]
[SourceDate "2013.11.20"]
[SourceVersion "1"]
[SourceVersionDate "2013.11.20"]
[SourceQuality "1"]

1. d4 Nf6 2. c4 c5 3. d5 e6 4. Nc3 exd5 5. Nxd5 Nxd5 6. Qxd5 d6 7. Bf4 Qa5+ 8. Bd2 Qa6 9. b3 Nc6 10. Nf3 Be6 11. Qe4 0-0-0 12. g3 d5 13. cxd5 Bxd5 14. Qf4 Qa3 15. Bh3+ Be6 16. Bxe6+ fxe6 17. 0-0 Be7 18. Bc3 Rhf8 19. Qe4 Bf6 20. Qxe6+ Kb8 21. Bxf6 Rxf6 22. Qg4 Rg6 23. Qh4 h6 24. Ne5 Rd4 25. Qh5 Rgd6 26. Nc4 Rxc4 27. bxc4 Nd4 28. e3 Nc2 29. Rad1 Rxd1 30. Rxd1 a6 31. Rd8+ Ka7 32. Qd1 1-0

[Event "Warsaw YMCA Spring 121st"]
[Site "Warsaw"]
[Date "2013.04.30"]
[Round "4"]
[White "Rodak, Przemyslaw"]
[Black "Wilczynski, Adam"]
[Result "0-1"]
[WhiteElo "1667"]
[BlackElo "1673"]
[PlyCount "78"]
[EventDate "2013.04.10"]
[EventType "tourn"]
[EventRounds "11"]
[EventCountry "POL"]
[SourceTitle "EXT 2014"]
[Source "ChessBase"]
[SourceDate "2013.11.20"]
[SourceVersion "1"]
[SourceVersionDate "2013.11.20"]
[SourceQuality "1"]

1. d4 Nf6 2. c4 e6 3. Nc3 Bb4 4. Nf3 b6 5. Bg5 Bb7 6. e3 h6 7. Bh4 0-0 8. Be2 Bxc3+ 9. bxc3 d6 10. 0-0 Nbd7 11. Nd2 e5 12. Bf3 Qc8 13. Bxb7 Qxb7 14. a4 Rae8 15. a5 e4 16. axb6 axb6 17. Qc2 g5 18. Bg3 Nh5 19. Ra2 f5 20. Rfa1 Ra8 21. Qb3 Kg7 22. Qb5 Rxa2 23. Rxa2 Rf7 24. Nb3 Qc8 25. Qc6 Qd8 26. Ra8 Qf6 27. f4 gxf4 28. Bxf4 Nxf4 29. exf4 Nf8 30. Ra1 Qh4 31. Rf1 Qg4 32. Nc1 Re7 33. Qa4 Ng6 34. g3 Nh4 35. Qc2 Nf3+ 36. Kh1 Kf6 37. Qe2 h5 38. Qf2 Kf7 39. h4 Qh3+ 0-1

[Event "Mazowiec-chT op Autumn"]
[Site "Poland"]
[Date "2012.12.09"]
[Round "8.19"]
[White "Rodak, Przemyslaw"]
[Black "Pac, Maciej"]
[Result "1/2-1/2"]
[WhiteElo "1652"]
[BlackElo "1781"]
[PlyCount "108"]
[EventDate "2012.10.14"]
[EventType "team-swiss"]
[EventRounds "8"]
[EventCountry "POL"]
[SourceTitle "EXT 2019"]
[Source "ChessBase"]
[SourceDate "2018.10.10"]
[SourceVersion "1"]
[SourceVersionDate "2018.10.10"]
[SourceQuality "1"]

1. d4 Nf6 2. c4 c5 3. e3 Nc6 4. Nf3 e6 5. Nc3 b6 6. Be2 Bb7 7. 0-0 Be7 8. Re1 0-0 9. b3 a6 10. Bb2 Qc7 11. a3 Rfd8 12. Qc2 d5 13. dxc5 bxc5 14. cxd5 exd5 15. Na4 Ne4 16. Bd3 Na7 17. Rac1 Rac8 18. Bxe4 dxe4 19. Nd2 Qc6 20. Nf1 Nb5 21. Ng3 c4 22. Qe2 Qe6 23. b4 Rd3 24. Nh5 f6 25. Nf4 Qc6 26. Nc3 Rcd8 27. Red1 Rxd1+ 28. Rxd1 Rxd1+ 29. Qxd1 Qd6 30. Qxd6 Bxd6 31. Nxb5 axb5 32. Ne2 Bc8 33. Bd4 Bd7 34. Nc3 Bc6 35. h3 Kf7 36. Kf1 Ke6 37. Ke2 Be5 38. Bxe5 Kxe5 39. Ke1 f5 40. g3 g5 41. Kf1 f4 42. Kg2 h5 43. a4 bxa4 44. b5 Bb7 45. Nxa4 f3+ 46. Kg1 Kd6 47. Kf1 Bc8 48. h4 gxh4 49. gxh4 Bd7 50. Nc3 Kc5 51. Nxe4+ Kxb5 52. Ke1 Kb4 53. Kd2 Bf5 54. Nc3 Be6 1/2-1/2

[Event "Warsaw YMCA Summer-B 108th"]
[Site "Warsaw"]
[Date "2012.08.21"]
[Round "9"]
[White "Krzyzanowski, Antoni"]
[Black "Rodak, Przemyslaw"]
[Result "0-1"]
[WhiteElo "1729"]
[BlackElo "1614"]
[PlyCount "58"]
[EventDate "2012.07.10"]
[EventType "tourn"]
[EventRounds "11"]
[EventCountry "POL"]
[SourceTitle "EXT 2019"]
[Source "ChessBase"]
[SourceDate "2018.10.10"]
[SourceVersion "1"]
[SourceVersionDate "2018.10.10"]
[SourceQuality "1"]

1. d4 d5 2. c4 c6 3. Nf3 Nf6 4. Nc3 e6 5. Bg5 h6 6. Bh4 Nbd7 7. e3 Be7 8. Qc2 b6 9. 0-0-0 Ba6 10. Rg1 Bxc4 11. Bxc4 dxc4 12. g4 Nd5 13. Bg3 Nxc3 14. Qxc3 b5 15. h4 a5 16. Qc2 a4 17. e4 a3 18. d5 axb2+ 19. Kb1 Qa5 20. Qxb2 c3 21. Qc2 Ba3 22. dxe6 fxe6 23. Rxd7 Qb4+ 24. Ka1 Bb2+ 25. Kb1 Rxa2 26. Rd8+ Kxd8 27. Qd3+ Kc8 28. Kxa2 Bc1 29. Qc2 Kb7 0-1